000 01055nam a22003137a 4500
001 BR9402603
003 BR-BrBNA
005 20230928094140.0
007 ta
008 230509b bl.||||| |||| 00| 0 por d
040 _aBR-BrBNA
_bpor
_cBiblioteca Nacional de Agricultura
041 _a(Por)
072 _aF30
_b0180
090 _ 0180 BR9402603
100 1 _aAndrade, J.M.V. de
110 1 _aUniversidade Federal do Rio Grande do Sul, Porto Alegre (Brasil). Faculdade de Agronomia
_0Tese (Mestre em Agronomia)
245 1 _aIdentificacao e selecao, em casa de vegetacao, de genotipos de trigo (Triticum aestivum L.)tolerantes ao aluminio e ao manganes com modificacoes das caracteristicas quimicas do solo
260 3 _aPorto Alegre, RS (Brasil):
_c1976.
300 _a130 p.
500 _a25 illus.; 9 tables; 40 ref.; Summary (Por)
650 _aTrigo
650 _aGenotipo
650 _aAluminio
650 _aManganes
650 _aToxidez
650 _aSelecao Genotipa
909 _a202309
_bLucia
_c55
_dLucia Elande
942 _cBK
999 _c49100
_d49100